00818nam a2200265Ia 450000100060000000300090000600800410001504000130005604000130006904100130008210000190009510000290011424500320014324500410017525000110021626000100022726000100023726000490024730000590029650000900035565000280044565000310047370000190050470000290052318585IT-RoPAU130308s9999 xx 000 0 und d aIT-RoPAU cIT-RoPAU aFRANCESE aCrepet Rolland gCodice Aut. SPICS: 12730 2aA l'ecole... des mass media bTele' Une Affaire de Famille... (La) a1a ed. aPARIS bSeuil c1982 [1° Ed.:1982 - Ed.Ling.Originale:1982] a"11 p. (prefazione: no ; testo: 11 [pagine: 122-132])" aA Scuola dei Mass Media Nuovi Valori della Modernità€ interesse Recente della Scuola aSAGGI SULLA TELEVISIONE eCodice materia Spics: 6961 aNeyrand Gerard gCodice Aut. SPICS: 10432